000
00318 a2200157 4500
001
174771
020
_a
040
_c
Magnum
100
_a
Bandeira, Pedro
240
1
0
_a
Sem pe nem cabeca
_l
por
245
1
0
_a
Sem pe nem cabeca
362
0
_a
1899
440
1
_a
Moderna
697
_a
IJ/PARADIDATICO
942
_c
BK
999
_c
174771
_d
174771